Inovačné procesy v podnikoch cestovného ruchu
Inovácie v podnikoch cestovného ruchu. Inovácie v službách cestovného ruchu. Inovačná aktivita podnikov cestovného ruchu v Slovenskej republike. Slovenské podniky cestovného ruchu nie sú dostatočne pripravené na konkurenciu s európskymi podnikmi, nakoľko nie sú v dostatočnej miere vybavené modernými...
Gespeichert in:
| 1. Verfasser: | |
|---|---|
| Format: | Buchkapitel |
| Sprache: | Slowakisch |
| Schlagworte: | |
| Tags: |
Keine Tags, Fügen Sie das erste Tag hinzu!
|
MARC
| LEADER | 00000naa$a2200000$$$4500 | ||
|---|---|---|---|
| 001 | 0049171 | ||
| 005 | 20240502071551.5 | ||
| 041 | 0 | |a slo | |
| 044 | |a SK | ||
| 245 | 1 | 0 | |a Inovačné procesy v podnikoch cestovného ruchu |c Viera Kubičková |
| 520 | |a Inovácie v podnikoch cestovného ruchu. Inovácie v službách cestovného ruchu. Inovačná aktivita podnikov cestovného ruchu v Slovenskej republike. Slovenské podniky cestovného ruchu nie sú dostatočne pripravené na konkurenciu s európskymi podnikmi, nakoľko nie sú v dostatočnej miere vybavené modernými prvkami konkurencieschopnosti. | ||
| 610 | 2 | 0 | |a ruch cestovný |
| 610 | 2 | 0 | |a podnik ruchu cestovného |
| 610 | 2 | 0 | |a služby |
| 610 | 2 | 0 | |a inovácia |
| 610 | 2 | 0 | |a konkurencieschopnosť |
| 610 | 2 | 0 | |a Slovensko |
| 100 | 1 | |a Kubičková, Viera, 1970- | |